000 01912cam a22003134a 4500
001 14176614
003 ARRUPE
005 20131022172144.0
008 051122s2006 miu b 000 0 eng
010 _a 2005032913
020 _a0802822274 (pbk. : alk. paper)
020 _a9780802822277 (pbk. : alk. paper)
035 _a(OCoLC)ocm62342724
040 _aDLC
_cDLC
_dBAKER
_dC#P
_dDLC
042 _apcc
050 0 0 _aBV4275
_b.T55 2006
082 0 0 _a252/.1
_222
245 0 0 _aThis incomplete one :
_bwords occasioned by the death of a young person /
_cedited by Michael D. Bush.
260 _aGrand Rapids, Mich. :
_bW.B. Eerdmans Pub. Co.,
_cc2006.
300 _axv, 169 p. ;
_c22 cm.
504 _aIncludes bibliographical references.
505 0 _aCasey William Alley / M. Craig Barnes -- Matthias Barth / Karl Barth -- Erik Hansen / David L. Bartlett -- Patrick Mills / Ronald P. Byars -- What can we expect of God? / John Claypool -- Alex's death / William Sloan Coffin, Jr. -- Words of faith, hope, and love / Stephen T. Davis -- When the waters are deep / J. Howard Edington -- True saints, when absent from the body, are present with the Lord / Jonathan Edwards -- The last enemy / Laura Mendenhall -- Standing at the grave / Jeffrey J. Newlin -- Anne Elizabeth Kuzee / Jack Roeda -- Reaching out / Fleming Rutledge -- Sermon at Nathanael's grave / Friedrich Schleiermacher -- Where the children can dance / Philip Turner -- Surprised by death / James Van Tholen.
650 0 _aFuneral sermons.
_92657
700 1 _aBush, Michael D.,
_cpastor.
_92658
856 4 1 _3Table of contents
_uhttp://www.loc.gov/catdir/toc/ecip064/2005032913.html
906 _a7
_bcbc
_corignew
_d1
_eecip
_f20
_gy-gencatlg
942 _2lcc
_cMONOGRAPH
999 _c118381
_d118381